[Event "NATO-ch 33rd"]
[Site "Portoroz"]
[Date "2023.09.08"]
[Round "7"]
[White "Van Drie, Rik"]
[Black "Verlaine, Alex"]
[Result "1/2-1/2"]
[WhiteElo "2058"]
[BlackElo "1983"]
[PlyCount "36"]
[EventDate "2023.09.04"]
[EventType "swiss"]
[EventRounds "7"]
[EventCountry "SLO"]
[SourceTitle "EXT 2024"]
[Source "ChessBase"]
[SourceDate "2023.10.10"]
[SourceVersion "1"]
[SourceVersionDate "2023.10.10"]
[SourceQuality "1"]

1. c4 g6 2. Nc3 Bg7 3. g3 d6 4. Nf3 Nf6 5. Bg2 0-0 6. 0-0 Nc6 7. d4 a6 8. Bf4 Rb8 9. Rc1 Bf5 10. d5 Na5 11. b3 c5 12. Qd2 Re8 13. Nh4 Bd7 14. e4 b5 15. cxb5 axb5 16. e5 dxe5 17. Bxe5 Rc8 18. Nf3 Nb7 1/2-1/2